Philosophy and salvation (Record no. 161938)
[ view plain ]
| 000 -LEADER | |
|---|---|
| fixed length control field | 01322nam a2200313 a 4500 |
| 100 1# - MAIN ENTRY--AUTHOR NAME | |
| Personal name | Blanco, Carlos. |
| 245 10 - TITLE STATEMENT | |
| Title | Philosophy and salvation |
| 260 ## - PUBLICATION, DISTRIBUTION, ETC. (IMPRINT) | |
| Place of publication | Cambridge : |
| Name of publisher | Lutterworth Press, |
| Year of publication | 2013, c2012. |
| 300 ## - PHYSICAL DESCRIPTION | |
| Number of Pages | vii, 285 p. |
| 500 ## - GENERAL NOTE | |
| General note | "First published 2012"--t.p. verso. |
| 505 0# - FORMATTED CONTENTS NOTE | |
| Formatted contents note | pt. 1. In search of fundamentum -- pt. 2. Fundamentum in history -- pt. 3. Questioning as salvation. |
| 650 #0 - SUBJECT ADDED ENTRY--TOPICAL TERM | |
| Topical Term | Salvation |
| Topical Term | Philosophy and religion. |
| 856 40 - ELECTRONIC LOCATION AND ACCESS | |
| Uniform Resource Identifier | http://site.ebrary.com/lib/rucke/Doc?id=10670461 |
No items available.
